Pays ayant boycotté les Jeux olympiques d'été Montréal en 1976 - Statistiques

Statistiques générales
  • Ce quiz a été pris 14 fois
    8 depuis la dernière actualisation
  • Le résultat moyen est 18 sur 30
Statistiques - réponses
Continant Pays % Correct
Afrique Algérie
75%
Afrique Éthiopie
75%
Afrique Maroc
75%
Afrique Niger
75%
Afrique Nigeria
75%
Afrique Ouganda
75%
Afrique République du Congo
75%
Asie République Populaire de Chine
75%
Afrique Tunisie
75%
Afrique Égypte
63%
Afrique Ghana
63%
Afrique Haute-Volta
63%
Afrique Kenya
63%
Afrique Libye
63%
Afrique Malawi
63%
Afrique République Centrafricaine
63%
Afrique Soudan
63%
Afrique Tanzanie
63%
Afrique Togo
63%
Afrique Cameroun
50%
Afrique Gabon
50%
Afrique Gambie
50%
Afrique Madagascar
50%
Afrique Mali
50%
Afrique Swaziland
50%
Afrique Tchad
50%
Afrique Zambie
50%
Amérique du Sud Guyana
38%
Asie Irak
38%
Asie Taipei Chinois
38%
Aucun quiz correspondant
Distribution des résultats
% des personnes avec chaque résultat
Percentile par nombre de réponses
Votre historique - résultats
Vous n’avez pas pris ce quiz depuis la dernière actualisation